Malý slovník trhovej ekonomiky /
Guardado en:
| Otros Autores: | |
|---|---|
| Formato: | Libro |
| Lenguaje: | eslovaco |
| Publicado: |
Bratislava :
Elita,
1991
|
| Etiquetas: |
Sin Etiquetas, Sea el primero en etiquetar este registro!
|
MARC
| LEADER | 00000nam a22000003a 4500 | ||
|---|---|---|---|
| 001 | stu1089 | ||
| 005 | 20150617225621.9 | ||
| 008 | 920127s1991----cs------------------slo-d | ||
| 040 | |a STU |b slo | ||
| 041 | 0 | |a slo | |
| 044 | |a cs | ||
| 080 | |a 339.13(038) |7 stu_us_auth*stu8089 | ||
| 100 | 1 | |a Šíbl, Drahoš |4 com | |
| 245 | 1 | |a Malý slovník trhovej ekonomiky / |c Sprac.: říbl,D | |
| 260 | |a Bratislava : |b Elita, |c 1991 | ||
| 300 | |a 227 s | ||
| 996 | |b 284EK08710 |c E*75012 |l EE01 |s A |a 24 |w stu1089_0001 | ||
| 996 | |b E75247 |c R*75247 |l RRUM |s A |a 24 |w stu1089_0002 | ||
| 996 | |b 284EK08711 |c E*75255 |l EE0101 |s P |a 0 |w stu1089_0003 | ||